Sexual landscapes : why we are what we are, why we love whom we love /

Bibliographic Details
Main Author: Weinrich, James D.
Format: Book
Language:English
Published: New York : Scribner's, [1987]
Subjects:

MARC

Tag First Indicator Second Indicator Subfields
LEADER 00000cam a2200000 a 4500
001 in00000031041
005 20151007054935.0
008 870202s1987 nyua b 00110 eng d
010 |a  87004423  
020 |a 0684187051 
035 |a (OCoLC)15224291 
035 |9 AAB6716AM 
040 |a DNLM/DLC  |c DLC  |d TXA  |d UtOrBLW 
049 |a TXAM  |c [A11494918] 
050 0 0 |a BF692  |b .W335 1987 
060 0 |a HQ 21 W424s 
082 0 |a 306.7  |2 19 
100 1 |a Weinrich, James D. 
245 1 0 |a Sexual landscapes :  |b why we are what we are, why we love whom we love /  |c James D. Weinrich. 
264 1 |a New York :  |b Scribner's,  |c [1987] 
264 4 |c ©1987 
300 |a xii, 433 pages :  |b illustrations ;  |c 25 cm. 
336 |a text  |b txt  |2 rdacontent 
337 |a unmediated  |b n  |2 rdamedia 
338 |a volume  |b nc  |2 rdacarrier 
504 |a Bibliography: pages 405-420. 
500 |a Includes index. 
650 0 |a Sex (Psychology) 
650 0 |a Love  |x Psychological aspects. 
999 |a MARS 
999 f f |s f53e33eb-9818-380a-afce-8bfd8d479147  |i aa6812c2-a2b1-344c-ab65-7a122828b637  |t 0 
952 f f |p ric  |a Texas A&M University  |b Rellis Campus  |c Joint Library Facility  |d Remote Storage  |t 0  |e BF692 .W335 1987  |h Library of Congress classification  |i unmediated -- volume  |m A14811494918 
998 f f |a BF692 .W335 1987  |t 0  |l Remote Storage